| 000 | 00346nam a2200109Ia 4500 | ||
|---|---|---|---|
| 008 | 171204s9999 xx 000 0 und d | ||
| 245 | _aToward Octavio Paz: A Reading of His Major Poems, 1957–1976 | ||
| 245 | _cJohn M. Fein | ||
| 260 | _c2014 | ||
| 650 | _xPRF Ed 3: Developmental Reading | ||
| 856 | _uhttp://down.ebook777.com/059/0813115698.pdf | ||
| 999 |
_c345865 _d345865 |
||